Central Library OPAC University of Rajshahi

Khateman nabiyeen / (Record no. 32551)

MARC details
000 -LEADER
fixed length control field 00551nam a22002057a 4500
001 - CONTROL NUMBER
control field 32551
003 - CONTROL NUMBER IDENTIFIER
rucl marc code BD-RjUL
005 - DATE AND TIME OF LATEST TRANSACTION
control field 20211209051844.0
008 - FIXED-LENGTH DATA ELEMENTS--GENERAL INFORMATION
fixed length control field 140427s1978 bg ||||| |||| 00| 0 eng d
035 ## - SYSTEM CONTROL NUMBER
System control number (BD-RjUL)32640
040 ## - CATALOGING SOURCE
Original cataloging agency BD-RjUL
Language of cataloging eng
Transcribing agency BD-RjUL
Modifying agency BD-RjUL
041 ## - LANGUAGE CODE
Language code of text/sound track or separate title eng
082 00 - DEWEY DECIMAL CLASSIFICATION NUMBER
Author mark and year HAK 1978
Classification number 297.1977
100 1# - MAIN ENTRY--PERSONAL NAME
Personal name Hasan, Rashidul
9 (RLIN) 99022
245 10 - TITLE STATEMENT
Title Khateman nabiyeen /
Statement of responsibility, etc. by Rashidul Hasan
260 ## - PUBLICATION, DISTRIBUTION, ETC. (IMPRINT)
Place of publication, distribution, etc. Dacca :
Name of publisher, distributor, etc. mumin hassan,
Date of publication, distribution, etc. 1978.
300 ## - PHYSICAL DESCRIPTION
Pagination xx, 126p. ;
Size 20cm.
650 #0 - SUBJECT ADDED ENTRY--TOPICAL TERM
Topical term or geographic name as entry element Communism and Islam
9 (RLIN) 98743
942 ## - ADDED ENTRY ELEMENTS (KOHA)
Source of classification or shelving scheme Dewey Decimal Classification
Koha item type Books
Holdings
Lost status Source of classification or shelving scheme Damaged status Not for loan Collection code Permanent Location Current Location Shelving location Date acquired Source of acquisition Cost, normal purchase price Total Checkouts Full call number Date last seen Copy number Koha item type
  Dewey Decimal Classification     Non-fiction Central Library, University of Rajshahi Central Library, University of Rajshahi   05/04/1984 Book Centre 12.00   297.1977 HAK 1978 27/04/2014 C-2 Books
  Dewey Decimal Classification   Not For Loan Non-fiction Central Library, University of Rajshahi Central Library, University of Rajshahi Reading Room 05/04/1984 Books & kens book 14.00   297.1977 HAK 1978 07/12/2016 C-1 Books